000
00232nam a2200121Ia 4500
100
_a
#N/A
942
_c
BK
654
_a
SKF
245
_a
Demo Preview SKF Self- learning Tools
260
_b
#N/A
546
_a
ENGLISH
999
_c
28855
_d
28855